<?xml version="1.0" encoding="UTF-8"?>
<record
    xmlns:xsi="http://www.w3.org/2001/XMLSchema-instance"
    xsi:schemaLocation="http://www.loc.gov/MARC21/slim http://www.loc.gov/standards/marcxml/schema/MARC21slim.xsd"
    xmlns="http://www.loc.gov/MARC21/slim">

  <leader>01168cam a22003378i 4500</leader>
  <datafield tag="999" ind1=" " ind2=" ">
    <subfield code="c">57514</subfield>
    <subfield code="d">57514</subfield>
  </datafield>
  <controlfield tag="001">18344213</controlfield>
  <controlfield tag="005">20200701133217.0</controlfield>
  <controlfield tag="008">141022s2015    enk      b    001 0 eng  </controlfield>
  <datafield tag="010" ind1=" " ind2=" ">
    <subfield code="a">  2014041487</subfield>
  </datafield>
  <datafield tag="020" ind1=" " ind2=" ">
    <subfield code="a">9781292076683</subfield>
  </datafield>
  <datafield tag="040" ind1=" " ind2=" ">
    <subfield code="a">DLC</subfield>
    <subfield code="b">eng</subfield>
    <subfield code="c">DLC</subfield>
    <subfield code="e">rda</subfield>
  </datafield>
  <datafield tag="042" ind1=" " ind2=" ">
    <subfield code="a">pcc</subfield>
  </datafield>
  <datafield tag="050" ind1="0" ind2="0">
    <subfield code="a">TJ163.12</subfield>
    <subfield code="b">.B65 2015</subfield>
  </datafield>
  <datafield tag="080" ind1=" " ind2=" ">
    <subfield code="a">621 B-74</subfield>
  </datafield>
  <datafield tag="082" ind1="0" ind2="0">
    <subfield code="a">621</subfield>
    <subfield code="2">23</subfield>
  </datafield>
  <datafield tag="100" ind1="1" ind2=" ">
    <subfield code="a">Bolton, W.</subfield>
    <subfield code="q">(William),</subfield>
    <subfield code="d">1933-</subfield>
    <subfield code="9">8936</subfield>
  </datafield>
  <datafield tag="245" ind1="1" ind2="0">
    <subfield code="a">Mechatronics :</subfield>
    <subfield code="b">a multidisciplinary approach /</subfield>
    <subfield code="c">William Bolton.</subfield>
  </datafield>
  <datafield tag="250" ind1=" " ind2=" ">
    <subfield code="a">Sixth edition.</subfield>
  </datafield>
  <datafield tag="263" ind1=" " ind2=" ">
    <subfield code="a">1503</subfield>
  </datafield>
  <datafield tag="264" ind1=" " ind2="1">
    <subfield code="a">Harlow, England ;</subfield>
    <subfield code="a">New York :</subfield>
    <subfield code="b">Pearson,</subfield>
    <subfield code="c">2015.</subfield>
  </datafield>
  <datafield tag="300" ind1=" " ind2=" ">
    <subfield code="a">pages cm</subfield>
  </datafield>
  <datafield tag="336" ind1=" " ind2=" ">
    <subfield code="a">text</subfield>
    <subfield code="b">txt</subfield>
    <subfield code="2">rdacontent</subfield>
  </datafield>
  <datafield tag="337" ind1=" " ind2=" ">
    <subfield code="a">unmediated</subfield>
    <subfield code="b">n</subfield>
    <subfield code="2">rdamedia</subfield>
  </datafield>
  <datafield tag="338" ind1=" " ind2=" ">
    <subfield code="a">volume</subfield>
    <subfield code="b">nc</subfield>
    <subfield code="2">rdacarrier</subfield>
  </datafield>
  <datafield tag="504" ind1=" " ind2=" ">
    <subfield code="a">Includes bibliographical references and index.</subfield>
  </datafield>
  <datafield tag="650" ind1=" " ind2="0">
    <subfield code="a">Mechatronics.</subfield>
    <subfield code="9">8937</subfield>
  </datafield>
  <datafield tag="653" ind1=" " ind2=" ">
    <subfield code="a">&#x10D4;&#x10DA;&#x10D4;&#x10E5;&#x10E2;&#x10E0;&#x10DD;&#x10DC;&#x10E3;&#x10DA;&#x10D8; &#x10D9;&#x10DD;&#x10DC;&#x10E2;&#x10E0;&#x10DD;&#x10DA;&#x10D8;&#x10E1; &#x10E1;&#x10D8;&#x10E1;&#x10E2;&#x10D4;&#x10DB;&#x10D4;&#x10D1;&#x10D8; &#x10DB;&#x10D4;&#x10E5;&#x10D0;&#x10DC;&#x10D8;&#x10D9;&#x10D0;&#x10E8;&#x10D8; &#x10D3;&#x10D0; &#x10D4;&#x10DA;&#x10D4;&#x10E5;&#x10E2;&#x10E0;&#x10DD;&#x10D4;&#x10DC;&#x10D4;&#x10E0;&#x10D2;&#x10D8;&#x10D0;&#x10E8;&#x10D8;</subfield>
  </datafield>
  <datafield tag="906" ind1=" " ind2=" ">
    <subfield code="a">7</subfield>
    <subfield code="b">cbc</subfield>
    <subfield code="c">orignew</subfield>
    <subfield code="d">1</subfield>
    <subfield code="e">ecip</subfield>
    <subfield code="f">20</subfield>
    <subfield code="g">y-gencatlg</subfield>
  </datafield>
  <datafield tag="942" ind1=" " ind2=" ">
    <subfield code="2">udc</subfield>
    <subfield code="c">BK</subfield>
  </datafield>
  <datafield tag="955" ind1=" " ind2=" ">
    <subfield code="b">rk09 2014-10-22</subfield>
    <subfield code="i">rk09 2014-10-22</subfield>
  </datafield>
  <datafield tag="952" ind1=" " ind2=" ">
    <subfield code="0">0</subfield>
    <subfield code="1">0</subfield>
    <subfield code="2">udc</subfield>
    <subfield code="4">0</subfield>
    <subfield code="6">621_B74</subfield>
    <subfield code="7">0</subfield>
    <subfield code="9">89225</subfield>
    <subfield code="a">CPL</subfield>
    <subfield code="b">CPL</subfield>
    <subfield code="c">GEN</subfield>
    <subfield code="d">2020-07-01</subfield>
    <subfield code="g">222.00</subfield>
    <subfield code="o">621 B-74</subfield>
    <subfield code="p">60713</subfield>
    <subfield code="r">2020-07-01</subfield>
    <subfield code="t">60713</subfield>
    <subfield code="w">2020-07-01</subfield>
    <subfield code="y">BK</subfield>
    <subfield code="z">222 &#x10DA;.</subfield>
  </datafield>
</record>
